Mapas conceptuales: una técnica para aprender

Saved in:
書目詳細資料
Main Authors: Ontoria Peña, Antonio (autor), Ballesteros Pastor, Ana (Author), Martín Buenadicha, Inmaculada (Author), Molina Rubio, Ana (Author), Cuevas Moyas, Carmen (Author), Vélez Ramírez, Ursula (Author), Rodríguez Tapiz, Alfonso (Author)
格式: 圖書
語言:西班牙语
出版: Madrid Narcea 1999
版:8a. ed
主題:
標簽: 添加標簽
沒有標簽, 成為第一個標記此記錄!

MARC

LEADER 00000cam a2200000 a 4500
001 UCF3652
003 CL-VaPUC
008 121025e19990100SP |||||||||||||||||spa|d
020 |a 842770996X 
082 0 4 |a 155.4  |b ONT  |2 21 
100 |a Ontoria Peña, Antonio  |e autor  |9 381454 
700 0 |a Ballesteros Pastor, Ana  |e author  |9 565388 
700 0 |a Martín Buenadicha, Inmaculada  |e author  |9 565389 
700 0 |a Molina Rubio, Ana  |e author  |9 565390 
700 0 |a Cuevas Moyas, Carmen  |e author  |9 565391 
700 0 |a Vélez Ramírez, Ursula  |e author  |9 565392 
700 0 |a Rodríguez Tapiz, Alfonso  |e author  |9 565393 
245 1 0 |a Mapas conceptuales: una técnica para aprender 
250 |a 8a. ed 
300 |a 207 p 
942 |c BK 
945 |d 20121025 00:00:00  |a dcastane 
260 |a Madrid  |b Narcea  |c 1999 
650 0 |a Psicología del aprendizaje  |9 306854 
650 0 |a Cognición   |9 270347 
650 0 |a Métodos de enseñanza  |9 270413 
650 0 |a Mapas conceptuales   |9 381462 
583 |a last modification  |c 20171122 04:28:15  |k Rodrigo Vera 
999 |c 349842  |d 349840 
952 |0 0  |1 0  |4 0  |6 155_400000000000000_ONT_1999  |7 0  |8 A  |9 452649  |a BIBEDU  |b BIBEDU  |d 2019-11-22  |i 4916816  |o 155.4 ONT 1999  |p 4916816  |r 2019-11-22  |w 2019-11-22  |y BK  |k EPE